000 00579nam a2200205Ia 4500
003 OSt
005 20240930095159.0
008 210210b1971 xxu||||| |||| 00| 0 eng d
040 _cAL
041 _aKannada
082 _aK894.301 KRAC
100 _aKRASHNAMURTI PURANIKA.
_9138540
_dಕೃಷ್ಣಮೂರ್ತಿ ಪುರಾಣಿಕ
245 _aChandrika.
_bಚಂದ್ರಿಕಾ
260 _aBengaluru
_bPrakasha Sahitya
_c1971
300 _a144
650 _aSanna kategalu
_9138541
690 _aKannada Fiction
_9138542
906 _a030457
942 _2ddc
_cBK
999 _c81601
_d81601